| 000 | 01117 a2200229 4500 | ||
|---|---|---|---|
| 003 | Nust | ||
| 005 | 20221115122108.0 | ||
| 010 | _a 2004272415 | ||
| 020 | _a0130085197 | ||
| 035 | _a(OCoLC)ocm54345501 | ||
| 040 | _cNust | ||
| 082 | _a621.367,GON | ||
| 100 | 1 | _aGonzalez, Rafael C. | |
| 245 | 1 | 0 |
_aDigital Image processing using MATLAB / _cRafael C. Gonzalez, Richard E. Woods, Steven L. Eddins. |
| 260 |
_aUpper Saddle River, NJ : _bPearson/Prentice Hall, _cc2004. |
||
| 300 |
_axiv, 609 p. : _bill., charts ; _c25 cm. |
||
| 505 | _aIntroduction (Page-1), Fundamental (Page-12), Intensity transformations and spatial (Page-65), Frequency domain processing (Page-108), Image restoration (Page-141), Color image processsing (Page-194), Wavelets (Page-242), Image Compression (Page-282), Morphological image processing (Page-334), Image segmentation (Page-378), Representation and description (Page-426), Object recognition (Page-484), | ||
| 650 | 0 |
_aImage processing _xDigital techniques. _9673 |
|
| 700 | 1 |
_aEddins, Steven L., _d1964- _9102613 |
|
| 700 | 1 |
_aWoods, Richard E. _d1954- _996527 |
|
| 942 |
_2ddc _cBK |
||
| 999 |
_c182852 _d182852 |
||